[Event "Olomouc Chess Summer 2016-A Valoz Cup"]
[Site "Olomouc"]
[Date "2016.08.13"]
[Round "1.1"]
[White "Yagupov, Igor"]
[Black "Gurevich, Daniel"]
[Result "0-1"]
[WhiteElo "2405"]
[BlackElo "2461"]
[PlyCount "62"]
[EventDate "2016.08.13"]

1. e4 c6 2. d4 d5 3. e5 Bf5 4. Nf3 e6 5. Be2 Nd7 6. O-O Ne7 7. Nbd2 h6 8. Nb3
g5 9. Ne1 Qc7 10. Nd3 Ng6 11. Bg4 O-O-O 12. f4 Bxg4 13. Qxg4 h5 14. Qxg5 Be7
15. Qg3 Rdg8 16. Qe3 Nh4 17. Rf2 Rg4 18. Bd2 Rhg8 19. Ne1 c5 20. Bc3 c4 21. Nd2
Nf5 22. Qe2 Qb6 23. Nef3 Bh4 24. Nxh4 Nxh4 25. Kh1 Nxg2 26. h3 Rg3 27. Qxh5 Qd8
28. Nf1 Nxf4 29. Qxf7 Rg1+ 30. Kh2 Qh4 31. Qxf4 Qxf4+ 0-1

[Event "Olomouc Chess Summer 2016 -A Valoz Cup"]
[Site "Olomouc"]
[Date "2016.08.13"]
[Round "1.2"]
[White "Camarena Gimenez, Rufino"]
[Black "Svoboda, Svatopluk"]
[Result "1/2-1/2"]
[WhiteElo "2403"]
[BlackElo "2453"]
[PlyCount "71"]
[EventDate "2016.08.13"]

1. d4 Nf6 2. c4 g6 3. Nc3 d5 4. cxd5 Nxd5 5. e4 Nxc3 6. bxc3 Bg7 7. Qa4+ Nd7 8.
Nf3 c5 9. Bg5 O-O 10. Rd1 cxd4 11. cxd4 h6 12. Be3 Nf6 13. Bd3 e6 14. O-O Bd7
15. Qb3 Bc6 16. Ne5 Bxe4 17. Bxe4 Nxe4 18. Nxg6 Re8 19. Nf4 Nd6 20. Nh5 Qb6 21.
Qa3 Nf5 22. Nxg7 Kxg7 23. Bf4 Rad8 24. Qh3 Kh7 25. Qh5 Rg8 26. Qxf7+ Rg7 27.
Qf6 Rg6 28. Qe5 Nxd4 29. Bg3 Rd5 30. Qe4 Qd8 31. Rb1 Qd7 32. Rbc1 Nc6 33. Rfe1
Qf7 34. h3 Qf5 35. Rb1 Rd7 36. Qc4 1/2-1/2

[Event "Olomouc Chess Summer 2016 -A Valoz Cup"]
[Site "Olomouc"]
[Date "2016.08.13"]
[Round "1.3"]
[White "Gavrilov, Alexei"]
[Black "Rasik, Vitezslav"]
[Result "1-0"]
[WhiteElo "2456"]
[BlackElo "2452"]
[PlyCount "61"]
[EventDate "2016.08.13"]

1. d4 d6 2. Nf3 g6 3. c4 Bg7 4. Nc3 Nf6 5. e4 O-O 6. Be2 e5 7. O-O exd4 8. Nxd4
Re8 9. f3 Nh5 10. Be3 f5 11. Qd2 f4 12. Bf2 Be5 13. Rfd1 Nd7 14. Nb3 c5 15. Nc1
Ng7 16. Nb5 Qb6 17. a4 Nf6 18. Nd3 Ne6 19. Nxe5 dxe5 20. b4 a6 21. bxc5 Qc6 22.
Nd6 Re7 23. Qb4 Nd7 24. Rd5 a5 25. Qa3 Nd4 26. Bxd4 exd4 27. Rd1 Ne5 28. R1xd4
Bd7 29. Bd1 g5 30. Qb2 h5 31. Rd2 1-0

[Event "Olomouc Chess Summer 2016 -A Valoz Cup"]
[Site "Olomouc"]
[Date "2016.08.13"]
[Round "1.4"]
[White "Plat, Vojtech"]
[Black "Plischki, Sebastian"]
[Result "1-0"]
[WhiteElo "2503"]
[BlackElo "2384"]
[PlyCount "57"]
[EventDate "2016.08.13"]

1. e4 c5 2. Nf3 e6 3. d4 cxd4 4. Nxd4 a6 5. Nc3 d6 6. Be2 Nf6 7. g4 h6 8. h4
Nc6 9. Be3 d5 10. exd5 Nxd5 11. Nxd5 Qxd5 12. Bf3 Qa5+ 13. c3 Bd7 14. Qb3 Qc7
15. Qc4 Rc8 16. O-O-O b5 17. Qe2 Na5 18. Kb1 Nc4 19. Bc1 Bc5 20. g5 Qe5 21. Qd3
hxg5 22. Nb3 Rd8 23. Rhe1 Qc7 24. Nxc5 Qxc5 25. Bxg5 O-O 26. Bxd8 Rxd8 27. Qd4
Qf5+ 28. Be4 Qh5 29. Qa7 1-0

[Event "Olomouc Chess Summer 2016 - A - Valoz Cu"]
[Site "Olomouc"]
[Date "2016.08.13"]
[Round "1.5"]
[White "Roy, Prantik"]
[Black "Neuman, Petr"]
[Result "1/2-1/2"]
[WhiteElo "2403"]
[BlackElo "2454"]
[PlyCount "34"]
[EventDate "2016.08.13"]

1. d4 Nf6 2. Nf3 g6 3. c4 Bg7 4. Nc3 O-O 5. e4 d6 6. h3 Na6 7. Be3 e5 8. dxe5
dxe5 9. Qxd8 Rxd8 10. Be2 b6 11. Nd2 Nd7 12. Nb3 Nf8 13. Nd5 Ne6 14. Ne7+ Kf8
15. Nxc8 Raxc8 16. Bg4 Ke7 17. Ke2 Nb4 1/2-1/2

[Event "Olomouc Chess Summer 2016- B1 Prima Pack"]
[Site "Olomouc (CZE)"]
[Date "2016.08.13"]
[Round "1.1"]
[White "Hoefelsauer, Thomas"]
[Black "Pogan, Nikolas"]
[Result "1-0"]
[WhiteElo "2342"]
[BlackElo "2232"]
[PlyCount "63"]
[EventDate "2016.08.13"]

1. Nf3 Nf6 2. c4 g6 3. g3 Bg7 4. Bg2 O-O 5. Nc3 d6 6. d4 Nbd7 7. O-O e5 8. e4
exd4 9. Nxd4 Re8 10. h3 Nc5 11. Re1 Bd7 12. b4 Ne6 13. Nb3 a5 14. e5 axb4 15.
exf6 Bxf6 16. Nd5 Bxa1 17. Nxa1 Bc6 18. Nc2 Bxd5 19. cxd5 Nc5 20. Nxb4 Qf6 21.
Be3 Qc3 22. Qb1 Ra4 23. Bd2 Rxe1+ 24. Qxe1 Qe5 25. Qc1 Qd4 26. Bc3 Qc4 27. Bf1
Qe4 28. Qh6 f6 29. Bxf6 Kf7 30. Qg7+ Ke8 31. Qg8+ Kd7 32. Qd8# 1-0

[Event "Olomouc Chess Summer 2016- B1 Prima Pack"]
[Site "Olomouc (CZE)"]
[Date "2016.08.13"]
[Round "1.2"]
[White "Olsarova, Karolina"]
[Black "Strebkovs, Andrejs"]
[Result "1/2-1/2"]
[WhiteElo "2258"]
[BlackElo "2285"]
[PlyCount "60"]
[EventDate "2016.08.13"]

1. e4 d5 2. exd5 Qxd5 3. Nc3 Qd6 4. d4 Nf6 5. Nf3 g6 6. g3 Bg7 7. Bg2 Qa6 8.
Bf4 c6 9. Qd2 Be6 10. Ng5 Bf5 11. h3 h6 12. Nge4 Nxe4 13. Nxe4 Nd7 14. c3 O-O-O
15. Qe2 Qxe2+ 16. Kxe2 Bxe4 17. Bxe4 e5 18. dxe5 Nxe5 19. Bxe5 Bxe5 20. Rad1
Rde8 21. Kf3 Re6 22. Bc2 Bc7 23. Rhe1 Rhe8 24. Rxe6 Rxe6 25. Bb3 Rf6+ 26. Kg2
Bb6 27. Rd2 g5 28. Bd1 Kc7 29. Bg4 Rd6 30. Rxd6 Kxd6 1/2-1/2

[Event "Olomouc Chess Summer 2016- B1 Prima Pack"]
[Site "Olomouc (CZE)"]
[Date "2016.08.13"]
[Round "1.3"]
[White "Gusain, Himal"]
[Black "Kulkarni, Bhakti"]
[Result "1-0"]
[WhiteElo "2453"]
[BlackElo "2363"]
[PlyCount "77"]
[EventDate "2016.08.13"]

1. e4 g6 2. d4 Bg7 3. Nc3 c6 4. h3 d5 5. Nf3 Nh6 6. Bd3 f6 7. Qe2 Nf7 8. Bf4
O-O 9. e5 fxe5 10. dxe5 Na6 11. Bxa6 bxa6 12. O-O e6 13. Na4 Qa5 14. b3 c5 15.
c4 d4 16. Nb2 Qc7 17. Nd3 Bb7 18. Nd2 a5 19. f3 Nh6 20. Ne4 Bxe4 21. Qxe4 Nf5
22. g4 Ne7 23. Rae1 Qb6 24. Nb2 Rad8 25. Bg5 Qc7 26. Nd3 a4 27. bxa4 Rb8 28.
Bd2 Nc6 29. f4 Nb4 30. Bxb4 cxb4 31. c5 Rfd8 32. f5 exf5 33. gxf5 gxf5 34. Rxf5
Bh6 35. Kh1 Be3 36. Ref1 Rd7 37. c6 Re7 38. Qd5+ Kg7 39. Qg2+ 1-0

[Event "Olomouc Chess Summer 2016- B1 Prima Pack"]
[Site "Olomouc (CZE)"]
[Date "2016.08.13"]
[Round "1.5"]
[White "Mirzoeva, Elmira"]
[Black "Wiley, Tom E"]
[Result "1-0"]
[WhiteElo "2278"]
[BlackElo "2239"]
[PlyCount "83"]
[EventDate "2016.08.13"]

1. d4 d5 2. c4 dxc4 3. e4 Nc6 4. Nf3 Nf6 5. Nc3 Bg4 6. d5 Ne5 7. Bf4 Nfd7 8.
Be2 Bxf3 9. gxf3 e6 10. Be3 Nc5 11. O-O Qh4 12. f4 Ng6 13. Bxc4 exd5 14. Nxd5
O-O-O 15. Qf3 c6 16. Nc3 Ne6 17. Qg3 Bd6 18. Qxh4 Nxh4 19. Ne2 Rhe8 20. f3 f5
21. e5 Bc7 22. Kf2 Bb6 23. Bxb6 axb6 24. Rad1 g5 25. Rxd8+ Kxd8 26. Rd1+ Kc7
27. Rd6 Nf8 28. fxg5 Rxe5 29. Rf6 Nfg6 30. Rf7+ Re7 31. f4 b5 32. Bb3 c5 33.
Kg3 Kd6 34. Rxe7 Kxe7 35. Bg8 b4 36. Nc1 b5 37. Nd3 Kd6 38. Bf7 Nh8 39. Be8 c4
40. Nxb4 Kc5 41. a3 N4g6 42. h4 1-0

[Event "Olomouc Chess Summer 2016- B2 Proclient "]
[Site "Olomouc"]
[Date "2016.08.13"]
[Round "1.1"]
[White "Klima, Lukas"]
[Black "Chkhaidze, Nikoloz"]
[Result "1-0"]
[WhiteElo "2322"]
[BlackElo "2261"]
[PlyCount "97"]
[EventDate "2016.08.13"]

1. e4 e5 2. Nf3 Nc6 3. Bb5 a6 4. Ba4 Nf6 5. O-O Nxe4 6. Re1 Nc5 7. Nc3 Nxa4 8.
Nxe5 Be7 9. Nd5 O-O 10. Nxc6 dxc6 11. Nxe7+ Kh8 12. Nxc8 Rxc8 13. b3 Nb6 14.
Bb2 Re8 15. c4 Nd7 16. Qf3 f6 17. d4 Nf8 18. h4 Qd7 19. h5 h6 20. d5 cxd5 21.
Qxd5 Qxd5 22. cxd5 Red8 23. Rad1 Rd7 24. Ba3 Kg8 25. d6 c5 26. Re7 b6 27. Rd3
Rb8 28. Bc1 Rxe7 29. dxe7 Ne6 30. Rd6 Kf7 31. e8=Q+ Rxe8 32. Rxb6 Nd4 33. Be3
Re6 34. Rb7+ Kg8 35. b4 Rc6 36. bxc5 Nf5 37. Rb6 Rc7 38. c6 Nxe3 39. fxe3 a5
40. Kf2 Kf8 41. Kf3 Rc8 42. Ke4 Ke7 43. Kd5 Rd8+ 44. Kc5 Rd2 45. Rb7+ Ke6 46.
Rxg7 Rxa2 47. c7 Rc2+ 48. Kb6 a4 49. Rg8 1-0

[Event "Olomouc Chess Summer 2016- B2 Proclient "]
[Site "Olomouc"]
[Date "2016.08.13"]
[Round "1.2"]
[White "Pavlov, Sergey"]
[Black "Biolek, Richard"]
[Result "1/2-1/2"]
[WhiteElo "2473"]
[BlackElo "2466"]
[PlyCount "33"]
[EventDate "2016.08.13"]

1. c4 e5 2. Nc3 d6 3. Nf3 f5 4. d4 e4 5. Nd2 Nf6 6. e3 g6 7. f3 exf3 8. Nxf3
Bg7 9. Bd3 O-O 10. O-O Nc6 11. a3 a5 12. Qc2 Kh8 13. Bd2 d5 14. Nxd5 Nxd5 15.
cxd5 Qxd5 16. Bc3 Qd6 17. Rad1 1/2-1/2

[Event "Olomouc Chess Summer 2016- B2 Proclient "]
[Site "Olomouc"]
[Date "2016.08.13"]
[Round "1.3"]
[White "Malek, Daniel"]
[Black "Havlikova, Kristyna"]
[Result "1-0"]
[WhiteElo "2430"]
[BlackElo "2282"]
[PlyCount "53"]
[EventDate "2016.08.13"]

1. d4 Nf6 2. Bg5 e6 3. e4 h6 4. Bxf6 Qxf6 5. c3 d6 6. Bd3 e5 7. Ne2 Qd8 8. O-O
Be7 9. f4 O-O 10. Nd2 Bf6 11. Nf3 Nc6 12. h3 g6 13. Qd2 Bg7 14. Rad1 Qe7 15. b4
exd4 16. Nexd4 Bd7 17. Rde1 a6 18. Bc4 Nxd4 19. cxd4 c6 20. Kh1 Rac8 21. a3 Kh8
22. e5 d5 23. Bd3 Be6 24. g4 Qd7 25. Nh4 Qd8 26. Nf3 Qd7 27. Qc2 1-0

[Event "Olomouc Chess Summer 2016- B2 Proclient "]
[Site "Olomouc"]
[Date "2016.08.13"]
[Round "1.4"]
[White "Nitish, Belurkar"]
[Black "Mager, Denis"]
[Result "1-0"]
[WhiteElo "2269"]
[BlackElo "2246"]
[PlyCount "81"]
[EventDate "2016.08.13"]

1. e4 c5 2. c3 d5 3. exd5 Qxd5 4. d4 Nf6 5. Nf3 e6 6. Na3 Nc6 7. Nc2 Be7 8. Be3
O-O 9. dxc5 Qxd1+ 10. Rxd1 Ne4 11. Nfd4 Nxc5 12. Nxc6 bxc6 13. Nd4 Bb7 14. Be2
Rac8 15. Nb3 Nxb3 16. axb3 Rfd8 17. Ra1 Ra8 18. b4 c5 19. bxc5 Bxg2 20. Rg1 Be4
21. Rg4 f5 22. Rxe4 fxe4 23. Ba6 Rab8 24. c6 Bd6 25. Bb7 Bxh2 26. Bxa7 Bf4 27.
Bxb8 Bxb8 28. b4 Be5 29. Rc1 Bf4 30. Rc2 h5 31. b5 Bc7 32. Rb2 Bb6 33. c4 h4
34. Rb3 Ba5+ 35. Kf1 Rd1+ 36. Kg2 Rd3 37. b6 h3+ 38. Kh2 Rxb3 39. c7 Bd2 40.
c8=Q+ Kh7 41. Bxe4+ 1-0

[Event "Olomouc Chess Summer 2016- B2 Proclient "]
[Site "Olomouc"]
[Date "2016.08.13"]
[Round "1.5"]
[White "Lkhamsuren, Uuganbayar"]
[Black "Tymrakiewicz, Rafal"]
[Result "1/2-1/2"]
[WhiteElo "2123"]
[BlackElo "2274"]
[PlyCount "102"]
[EventDate "2016.08.13"]

1. d4 d5 2. c4 Bf5 3. Nf3 e6 4. Nc3 Nf6 5. e3 Nc6 6. Bd3 Bxd3 7. Qxd3 Nb4 8.
Qe2 dxc4 9. Ne5 c5 10. a3 cxd4 11. exd4 Nd3+ 12. Nxd3 cxd3 13. Qxd3 Bd6 14. O-O
O-O 15. Qf3 Qd7 16. Bg5 Be7 17. Rad1 Rfd8 18. d5 Nxd5 19. Bxe7 Qxe7 20. Nxd5
exd5 21. Rxd5 Rxd5 22. Qxd5 Rd8 23. Qa5 b6 24. Qc3 Qf6 25. Qxf6 gxf6 26. f4 f5
27. Rf2 Rd1+ 28. Rf1 Rd2 29. Rf2 Rd1+ 30. Rf1 Rd4 31. g3 Kg7 32. Rf2 Kf6 33.
Re2 h5 34. Kg2 h4 35. Rc2 hxg3 36. Kxg3 Rd3+ 37. Kh4 Kg6 38. Rc7 Rb3 39. Rxa7
Rxb2 40. h3 Rb3 41. Ra4 f6 42. Rb4 Rxa3 43. Rxb6 Rf3 44. Rb4 Kh6 45. Ra4 Kg7
46. Ra7+ Kg6 47. Ra4 Rd3 48. Ra1 Re3 49. Rg1+ Kf7 50. Rg3 Re2 51. Rc3 Kg6
1/2-1/2

[Event "Olomouc Chess Summer 2016 - Open Olomouc"]
[Site "Olomouc"]
[Date "2016.08.13"]
[Round "1.1"]
[White "Krejci, Jan"]
[Black "Jayaram, R."]
[Result "1-0"]
[WhiteElo "2496"]
[BlackElo "1886"]
[PlyCount "49"]
[EventDate "2016.08.13"]

1. e4 e5 2. Nf3 Nc6 3. Bb5 a6 4. Ba4 Nf6 5. O-O Be7 6. Re1 b5 7. Bb3 d6 8. c3
O-O 9. d4 Bg4 10. Be3 exd4 11. cxd4 Na5 12. Bc2 Nc4 13. Bc1 c5 14. b3 Nb6 15.
Be3 Nbd7 16. h3 Bh5 17. d5 Ne5 18. Nbd2 Nfd7 19. g4 Bg6 20. Nh2 f5 21. exf5 Be8
22. f4 Nf7 23. Ne4 Nh6 24. Nf3 Nb6 25. Neg5 1-0

[Event "Olomouc Chess Summer 2016 - Open Olomouc"]
[Site "Olomouc"]
[Date "2016.08.13"]
[Round "1.2"]
[White "Patil, Mitali Madhukar"]
[Black "Jedynak, Radoslaw"]
[Result "1/2-1/2"]
[WhiteElo "1882"]
[BlackElo "2396"]
[PlyCount "46"]
[EventDate "2016.08.13"]

1. e4 e6 2. d4 d5 3. exd5 exd5 4. c4 Nf6 5. Nc3 Bb4 6. Nf3 O-O 7. Be2 Bg4 8.
O-O Nc6 9. Bg5 dxc4 10. Bxc4 Bxf3 11. Qxf3 Qxd4 12. Bxf6 Qxf6 13. Qxf6 gxf6 14.
Nd5 Bd6 15. Nxf6+ Kg7 16. Nd5 Rad8 17. Rad1 Ne7 18. Nxe7 Bxe7 19. Be2 Bf6 20.
b3 a5 21. Rxd8 Rxd8 22. Rd1 Rxd1+ 23. Bxd1 Bd4 1/2-1/2

[Event "Olomouc Chess Summer 2016 - Open Olomouc"]
[Site "Olomouc"]
[Date "2016.08.13"]
[Round "1.3"]
[White "Kvisvik, Brede"]
[Black "Adam, Wilfried"]
[Result "1-0"]
[WhiteElo "2330"]
[BlackElo "1880"]
[PlyCount "51"]
[EventDate "2016.08.13"]

1. Nf3 c5 2. c4 Nc6 3. g3 e6 4. d4 cxd4 5. Nxd4 Bb4+ 6. Bd2 Bxd2+ 7. Qxd2 Nf6
8. Bg2 O-O 9. Nc3 a6 10. O-O Qe7 11. Rfd1 Qc5 12. Nxc6 dxc6 13. b3 e5 14. Na4
Qe7 15. Nb6 Rb8 16. Qd6 Qxd6 17. Rxd6 Bf5 18. Rad1 e4 19. h3 h5 20. f3 exf3 21.
exf3 Rbe8 22. g4 hxg4 23. hxg4 Bc8 24. Kf2 Re5 25. Bh3 Re6 26. Nxc8 1-0

[Event "Olomouc Chess Summer 2016 - Open Olomouc"]
[Site "Olomouc"]
[Date "2016.08.13"]
[Round "1.4"]
[White "Zdrazil, Jan"]
[Black "Thakur, Akash"]
[Result "0-1"]
[WhiteElo "1865"]
[BlackElo "2316"]
[PlyCount "92"]
[EventDate "2016.08.13"]

1. e4 e5 2. Nf3 Nc6 3. Bb5 a6 4. Ba4 Nf6 5. O-O Be7 6. Re1 b5 7. Bb3 d6 8. c3
O-O 9. h3 Na5 10. Bc2 c5 11. d4 Qc7 12. Nbd2 cxd4 13. cxd4 Nc6 14. Nb3 a5 15.
Be3 a4 16. Nbd2 Bd7 17. Rc1 Rac8 18. Nf1 Qb8 19. Qd2 d5 20. dxe5 Bb4 21. Qd1
Nxe4 22. Bxe4 dxe4 23. Qxd7 exf3 24. Red1 Nxe5 25. Qd5 fxg2 26. Ng3 Rxc1 27.
Rxc1 Rd8 28. Qxg2 Nc4 29. Bg5 Re8 30. Nh5 Qa8 31. Qg4 Qe4 32. Qd7 Bf8 33. Qxb5
Ne5 34. Ng3 Nf3+ 35. Kf1 Qe6 36. Kg2 Nxg5 37. Qxg5 Qxa2 38. Qb5 Ra8 39. Qb7 Rd8
40. Ne4 Qe6 41. Qc6 Qe5 42. Rc4 f5 43. Ng5 Rd6 44. Qc7 Qd5+ 45. Kf1 Qh1+ 46.
Ke2 Qd1+ 0-1

[Event "Olomouc Chess Summer 2016 - Open Olomouc"]
[Site "Olomouc"]
[Date "2016.08.13"]
[Round "1.5"]
[White "Al Argha, Hisham"]
[Black "Giatrakos, Orestis"]
[Result "1-0"]
[WhiteElo "2309"]
[BlackElo "1829"]
[PlyCount "75"]
[EventDate "2016.08.13"]

1. e4 c5 2. c3 Nf6 3. e5 Nd5 4. d4 cxd4 5. cxd4 e6 6. Nf3 b6 7. Bd2 Ba6 8. Bxa6
Nxa6 9. O-O Be7 10. Qe2 Nac7 11. Nc3 O-O 12. Rfd1 d6 13. Ne4 dxe5 14. dxe5 h6
15. Nd4 Qd7 16. Qh5 Rfd8 17. Bxh6 g6 18. Qg4 Nb5 19. h4 Kh7 20. Bg5 Bxg5 21.
Nxg5+ Kg7 22. h5 Nxd4 23. Rxd4 Re8 24. Rad1 Re7 25. hxg6 fxg6 26. Nxe6+ Qxe6
27. Qxe6 Rxe6 28. Rxd5 Rae8 29. Rd7+ R6e7 30. f4 Kf7 31. Kf2 Ke6 32. R7d6+ Kf7
33. Rf6+ Kg7 34. Rdd6 Rc8 35. Rxg6+ Kh7 36. Rh6+ Kg7 37. Rdg6+ Kf7 38. e6+ 1-0

[Event "Olomouc Chess Summer 2016 - Open Olomouc"]
[Site "Olomouc"]
[Date "2016.08.13"]
[Round "1.6"]
[White "Endler, Boris"]
[Black "Chudinovskikh, Alexander M"]
[Result "0-1"]
[WhiteElo "1809"]
[BlackElo "2258"]
[PlyCount "64"]
[EventDate "2016.08.13"]

1. e4 e5 2. Nf3 Nc6 3. Bb5 a6 4. Ba4 Nf6 5. O-O Be7 6. Re1 b5 7. Bb3 O-O 8. c3
d6 9. h3 Re8 10. d4 Bb7 11. dxe5 Nxe5 12. Nxe5 dxe5 13. Nd2 c5 14. Bc2 c4 15.
a4 Rc8 16. Qe2 Bc5 17. Nf3 Nh5 18. Kh2 Nf4 19. Qf1 Qb6 20. Nxe5 Nxh3 21. Nd7
Qc7+ 22. g3 Qxd7 23. Qxh3 Qxh3+ 24. Kxh3 Bxf2 25. Re2 Bc5 26. axb5 axb5 27. Ra5
Bc6 28. e5 Re7 29. Bf5 Rce8 30. Bf4 f6 31. Rd2 fxe5 32. Bg5 Rf7 0-1

[Event "Olomouc Chess Summer 2016 - Open Olomouc"]
[Site "Olomouc"]
[Date "2016.08.13"]
[Round "1.7"]
[White "Bukojemski, Adam"]
[Black "Sterba, Michal"]
[Result "1/2-1/2"]
[WhiteElo "2235"]
[BlackElo "1769"]
[PlyCount "58"]
[EventDate "2016.08.13"]

1. e4 e5 2. Nf3 Nc6 3. Bc4 Bc5 4. d3 h6 5. c3 d6 6. b4 Bb6 7. a4 a6 8. O-O Be6
9. Na3 Nf6 10. Be3 Bxe3 11. fxe3 Bg4 12. Qb3 Qe7 13. Nh4 O-O-O 14. Bxf7 d5 15.
Bxd5 Nxd5 16. exd5 Qxh4 17. dxc6 Be2 18. Rf7 Rhf8 19. Qe6+ Kb8 20. Qe7 Qxe7 21.
Rxe7 Rxd3 22. Nc4 Kc8 23. Nxe5 Rxe3 24. Re1 b5 25. Ng6 Rxe7 26. Nxe7+ Kd8 27.
axb5 Bxb5 28. Ng6 Rf6 29. Ne5 Bxc6 1/2-1/2

[Event "Olomouc Chess Summer 2016 - Open Olomouc"]
[Site "Olomouc"]
[Date "2016.08.13"]
[Round "1.8"]
[White "Palka, Dominika"]
[Black "Bombek, Peter"]
[Result "0-1"]
[WhiteElo "1747"]
[BlackElo "2212"]
[PlyCount "68"]
[EventDate "2016.08.13"]

1. d4 d5 2. c4 dxc4 3. Nf3 Nf6 4. Nc3 a6 5. a4 Nc6 6. e3 Na5 7. Ne5 Be6 8. Be2
g6 9. O-O Bg7 10. e4 Nb3 11. d5 Nxa1 12. dxe6 fxe6 13. Bxc4 Qxd1 14. Rxd1 Nxe4
15. f4 Nxc3 16. bxc3 Bxe5 17. fxe5 Rd8 18. Rxd8+ Kxd8 19. Bxe6 c5 20. Kf2 Rf8+
21. Ke2 Rf5 22. Bxf5 gxf5 23. Kd3 Nb3 24. Be3 b5 25. axb5 axb5 26. Kc2 c4 27.
Kb2 Kd7 28. Ka3 Kc6 29. Bg5 e6 30. Be3 Nc5 31. Kb4 Nd3+ 32. Ka3 Nxe5 33. Kb2
Nd3+ 34. Kc2 Ne1+ 0-1

[Event "Olomouc Chess Summer 2016 - Open Olomouc"]
[Site "Olomouc"]
[Date "2016.08.13"]
[Round "1.9"]
[White "Ilandzis, Spyridon"]
[Black "Mayank, Pal"]
[Result "1-0"]
[WhiteElo "2211"]
[BlackElo "1727"]
[PlyCount "131"]
[EventDate "2016.08.13"]

1. b3 d5 2. Bb2 c5 3. e3 Nf6 4. f4 Nc6 5. Bb5 Bd7 6. Nf3 e6 7. O-O Rc8 8. d3
Qb6 9. Bxc6 Bxc6 10. f5 Be7 11. Ne5 Bd7 12. Nxd7 Kxd7 13. c4 Rhd8 14. Nd2 Kc7
15. Be5+ Kd7 16. Qf3 Qc6 17. Qh3 Ke8 18. Rad1 dxc4 19. dxc4 h6 20. Qg3 Kf8 21.
fxe6 Qxe6 22. Nb1 Rxd1 23. Rxd1 Nh5 24. Qh3 Qxh3 25. gxh3 Bg5 26. Rd7 Bxe3+ 27.
Kf1 Bf4 28. Bxf4 Nxf4 29. Rxb7 Nxh3 30. Rxa7 g5 31. Nc3 Nf4 32. Ne4 Ne6 33.
Rxf7+ Kxf7 34. Nd6+ Ke7 35. Nxc8+ Kd7 36. Nb6+ Kc6 37. Nd5 Nd4 38. Kf2 Kd6 39.
Kg3 Ke5 40. Kg4 Kd6 41. Kh5 Nf3 42. Kxh6 Nxh2 43. Kxg5 Nf3+ 44. Kf4 Nd4 45. Ke4
Kc6 46. b4 Nc2 47. b5+ Kd6 48. a4 Kd7 49. a5 Kc8 50. Nb6+ Kb7 51. Kd5 Nd4 52.
Kxc5 Nb3+ 53. Kb4 Nd4 54. Nd5 Ne6 55. c5 Nd8 56. a6+ Ka7 57. Ka5 Ne6 58. b6+
Ka8 59. Nc7+ Nxc7 60. bxc7 Ka7 61. Kb4 Kxa6 62. c8=Q+ Ka7 63. Qc6 Kb8 64. Qd7
Ka8 65. c6 Kb8 66. Qb7# 1-0

[Event "Olomouc Chess Summer 2016 - Open Olomouc"]
[Site "Olomouc"]
[Date "2016.08.13"]
[Round "1.10"]
[White "Vilimova, Julie"]
[Black "Burnett, Andrew"]
[Result "0-1"]
[WhiteElo "1709"]
[BlackElo "2174"]
[PlyCount "40"]
[EventDate "2016.08.13"]

1. d4 Nf6 2. c4 c5 3. d5 e5 4. Nc3 d6 5. e4 Nbd7 6. f4 g6 7. Nf3 exf4 8. Bxf4
Nh5 9. Bg5 Be7 10. Nb5 Bxg5 11. Nxg5 Qxg5 12. Nc7+ Kd8 13. Nxa8 Re8 14. Be2
Qh4+ 15. Kf1 Rxe4 16. Bxh5 gxh5 17. g3 Qf6+ 18. Kg1 Ne5 19. h3 Nf3+ 20. Kg2 Rd4
0-1

[Event "Olomouc Chess Summer 2016- Open seniorù"]
[Site "Olomouc"]
[Date "2016.08.13"]
[Round "1.1"]
[White "Kasparek, Jiri"]
[Black "Vorobyov, Yrij"]
[Result "0-1"]
[WhiteElo "1776"]
[BlackElo "2160"]
[PlyCount "67"]
[EventDate "2016.08.13"]

1. e4 c5 2. Nf3 a6 3. a4 d6 4. Nc3 Nf6 5. h3 e6 6. d4 cxd4 7. Nxd4 Qc7 8. Be3
b6 9. Bd3 Bb7 10. O-O Nbd7 11. Qd2 Nc5 12. f3 Be7 13. b4 Ncd7 14. Nce2 d5 15.
exd5 Nxd5 16. c3 Nxe3 17. Qxe3 Qe5 18. Qf2 O-O 19. Rfe1 Qc7 20. Qe3 Nf6 21. Qd2
Rfe8 22. Rac1 Rad8 23. Qc2 Bd6 24. Nb3 g6 25. Nd2 Nd5 26. Ne4 Be5 27. Nf2 f5
28. Qb3 Qe7 29. Bc4 Ne3 30. Nd3 Rxd3 31. Bxd3 Qg5 32. Kf2 Nxg2 33. Rg1 Qe3+ 34.
Kxg2 0-1

[Event "Olomouc Chess Summer 2016- Open seniorù"]
[Site "Olomouc"]
[Date "2016.08.13"]
[Round "1.2"]
[White "Heppell, Ian N"]
[Black "Kearsley, Raymond J"]
[Result "1-0"]
[WhiteElo "2066"]
[BlackElo "1776"]
[PlyCount "65"]
[EventDate "2016.08.13"]

1. e4 c5 2. Nf3 g6 3. c3 d5 4. exd5 Qxd5 5. d4 Bg7 6. dxc5 Qxd1+ 7. Kxd1 Nf6 8.
Nbd2 O-O 9. Bd3 Nc6 10. Kc2 Ng4 11. Rf1 Rd8 12. Nc4 Be6 13. Ne3 Nge5 14. Nxe5
Nxe5 15. Be4 Rab8 16. f4 f5 17. Bxb7 Rxb7 18. fxe5 Bxe5 19. g3 Rc8 20. b4 Rxb4
21. cxb4 Bxa1 22. Bb2 Bxb2 23. Kxb2 Bf7 24. Kc3 e5 25. Nc4 Bxc4 26. Kxc4 Rd8
27. c6 Kf7 28. a4 Ke6 29. Rc1 Rd4+ 30. Kb5 Rd8 31. c7 Rc8 32. Kc6 e4 33. Kb7
1-0

[Event "Olomouc Chess Summer 2016- Open seniorù"]
[Site "Olomouc"]
[Date "2016.08.13"]
[Round "1.3"]
[White "Novak, Borivoj"]
[Black "Prachar, Josef"]
[Result "1/2-1/2"]
[WhiteElo "1750"]
[BlackElo "1954"]
[PlyCount "86"]
[EventDate "2016.08.13"]

1. c4 Nf6 2. d4 c5 3. Nf3 g6 4. g3 cxd4 5. Nxd4 Bg7 6. Bg2 Nc6 7. Nxc6 bxc6 8.
O-O O-O 9. Nc3 Qb6 10. Qc2 d6 11. h3 Bd7 12. e4 Rac8 13. Na4 Qa6 14. b3 Nxe4
15. Qxe4 Bxa1 16. Bh6 Bg7 17. Bxg7 Kxg7 18. Qxe7 Be6 19. Qxd6 Qa5 20. Qd4+ f6
21. Nc5 Bf5 22. g4 Rcd8 23. Bd5 cxd5 24. gxf5 dxc4 25. Ne6+ Kh8 26. Nxd8 Qxd8
27. Qxd8 Rxd8 28. bxc4 Rc8 29. Rc1 Rc5 30. fxg6 hxg6 31. Rc3 Kg7 32. Kg2 Kf7
33. f4 Ke6 34. Kf3 Rh5 35. Kg4 Rc5 36. h4 Kf7 37. Rb3 Ke6 38. Re3+ Kf7 39. Rb3
Ke6 40. Rb4 Ra5 41. Rb2 Rc5 42. Rc2 Kf7 43. Rc3 Ke6 1/2-1/2

[Event "Olomouc Chess Summer 2016- Open seniorù"]
[Site "Olomouc"]
[Date "2016.08.13"]
[Round "1.4"]
[White "Castellano, Alfonso"]
[Black "Malinovsky, Leo"]
[Result "1-0"]
[WhiteElo "1949"]
[BlackElo "1723"]
[PlyCount "36"]
[EventDate "2016.08.13"]

1. c4 Nf6 2. g3 e6 3. Bg2 d5 4. Nf3 Nc6 5. Qc2 Be7 6. a3 h6 7. b4 dxc4 8. Bb2
a6 9. Qxc4 Qd5 10. Qc2 Qd6 11. O-O O-O 12. d4 Nd7 13. Nbd2 e5 14. Nc4 Qe6 15.
dxe5 f5 16. Rad1 b5 17. Ne3 f4 18. Ng5 hxg5 1-0

[Event "Olomouc Chess Summer 2016- Open seniorù"]
[Site "Olomouc"]
[Date "2016.08.13"]
[Round "1.5"]
[White "Birkestrand, Odd"]
[Black "Zdrazil, Bohumir"]
[Result "0-1"]
[WhiteElo "1702"]
[BlackElo "1934"]
[PlyCount "54"]
[EventDate "2016.08.13"]

1. e4 e6 2. d4 d5 3. e5 c5 4. c3 Nc6 5. Nf3 Bd7 6. dxc5 Bxc5 7. Bd3 Qc7 8. Qe2
Nge7 9. b4 Bb6 10. a4 Nxb4 11. Bb5 Nbc6 12. Ba3 a6 13. Bd6 Qd8 14. Bd3 Bc7 15.
Bc5 Qb8 16. Bd4 Ng6 17. Bxg6 hxg6 18. O-O Nxd4 19. cxd4 f5 20. Ng5 Bd8 21. Qe3
Be7 22. Nd2 Qd8 23. Ndf3 Rc8 24. Qd2 Rh5 25. h4 Bxg5 26. Nxg5 Rxh4 27. Rae1 Qb6
0-1